Medagliere Triathlon ai Giochi Olimpici - Statistics

Statistiche generali
  • Questo quiz è stato fatto 11 volte
  • Il punteggio medio è 12 su 16
Statistiche sulle risposte
Medaglie complessive Meda3glie d'Oro Medaglie d'Argento Medaglie di Bronzo Rappresentativa olimpica % Corretto
1 0 0 1 Francia
100%
2 1 1 0 Germania
100%
4 1 1 2 Stati Uniti
100%
2 1 1 0 Canada
89%
8 2 2 3 Gran Bretagna
89%
1 0 1 0 Spagna
89%
1 0 1 0 Svezia
89%
5 1 2 2 Australia
78%
1 1 0 0 Norvegia
78%
4 1 1 2 Nuova Zelanda
78%
1 1 0 0 Austria
67%
5 1 1 2 Svizzera
67%
1 0 1 0 Portogallo
56%
1 0 0 1 Repubblica Ceca
56%
1 0 0 1 Sudafrica
44%
1 1 0 0 Bermuda
22%
Nessun quiz corrispondente trovato
Distribuzione punteggi
Percentuale di utenti per punteggio
Percentile per numero di risposta
I tuoi punteggi nel tempo
Non hai fatto questo quiz